| 000 | 00996nam a2200241 a 4500 | ||
|---|---|---|---|
| 001 | 41288 | ||
| 003 | BD-RjUL | ||
| 005 | 20211209053347.0 | ||
| 008 | 160528s1991 bg ||||| |||| 00| 0 ben d | ||
| 020 | _c: TK 180.00 | ||
| 035 | _a(BD-RjUL) 41405 | ||
| 040 |
_aBD-RjUL _bben _cBD-RjUL |
||
| 041 | _aben | ||
| 082 |
_223 _a070.95492 _bMAU 1988-91 |
||
| 100 |
_aমামুন, মুনতাসীর _9127005 |
||
| 245 | 1 | 0 |
_aউনিশ শতকে বাংলাদেশের সংবাদ-সাময়িকপত্র : _b১৮৪৭-১৯০৫ / _cমুনতাসীর মামুন |
| 260 |
_aঢাকা : _bবাংলা একাডেমী, _c১৯৮৮-১৯৯১ |
||
| 300 |
_a খণ্ড ; _c২১ সেমি. |
||
| 505 | 0 | _aখণ্ড ১ -- খণ্ড ৩ -- খণ্ড ৪ -- | |
| 650 |
_aBangladeshi newspapers _9127006 |
||
| 650 |
_aবাংলাদেশের সংবাদপত্র _9127007 |
||
| 942 |
_2ddc _cBK |
||
| 999 |
_c41288 _d41288 |
||